000 00480nam a2200181Ia 4500
008 090124s9999 xx 000 0 und d
082 _b12623
100 _aसंत वि.द.
245 _a गुलमोहर
250 _a1
260 _bप्रणव प्रकाशन
_c1980
300 _a102
600 _aसंत वि.द.
630 _a गुलमोहर
700 _aसंत वि.द.
730 _a गुलमोहर
942 _cBOOK
999 _c86916
_d86916